书目信息 |
| 书名: | A History of the Jewish Experience | |
| 作者: | Led Trepp. | |
| 分册号: | ||
| 分册名: | 出版地: | New York : |
|
| 出版社: | Behrman House ,Inc | |
| 出版时间: | 1973. | |
| 页数: | 453 p. ; | |
| 开本: | 26cm. | |
| 丛书名: | ||
| 中图分类号: | ||
| 科图分类号: | ||
| 其他分类号: | K382 | |
| 主题词: | ||
| 电子资源: | ||
| 000 | 00390nam 2200145 a 4500 | |
| 001 | E0258298969 | |
| 005 | 2002040516113802 | |
| 008 | 020405s1973 00010 eng | |
| 020 | @a0-87441-072-X. | |
| 040 | @aPFT@beng | |
| 090 | @aK382 | |
| 099 | @dK382@eT784 | |
| 245 | @aA History of the Jewish Experience / @cLed Trepp. | |
| 260 | @aNew York :@bBehrman House ,Inc.,@c1973. | |
| 300 | @a453 p. ;@c26cm. | |
| A History of the Jewish Experience / / Led Trepp.-New York : : Behrman House ,Inc., , 1973. |
| 453 p. ; ; 26cm. |
| ISBN 0-87441-072-X. |
| ● |
| 相关链接 |
|
|
|
正题名:A History of the Jewish Experience
索取号:K382/T784
 
预约/预借
| 序号 | 登录号 | 条形码 | 馆藏地/架位号 | 状态 | 备注 |
| 1 | 02950 | 300029500 | 社科库309/309社科库 994排1列1层/ [索取号:K382/T784] | 在馆 | |
| 2 | 02951 | 300029519 | 社科库309/309社科库 994排1列1层/ [索取号:K382/T784] | 在馆 | |
| 3 | 02952 | 300029528 | 社科库309/309社科库 994排1列1层/ [索取号:K382/T784] | 在馆 |